000 00696nam a22002177a 4500
003 UA-OsUOA
001 72314
007 ta
008 20110111b un ||||| |||| 00| 0 ukr d
100 _aАдамчук А.
090 _a82
_bА28
942 _cSA
040 _aUA-OsUOA
_bukr
_cUA-OsUOA
_dUA-OsUOA
245 _aВартовий на сторожі скарбу пізнання/Про книгу Я. Поліщука "І ката і героя він любив"
300 _aС.13
955 _a0
041 _aukr
080 _a82
773 0 _w72313
_tВільне слово
_dРівне
_d2011
_g3
650 7 _a82 Література. Літературознавство
_2UDC
999 _c358597
_d358597